8 mots dans mots : "Emu" (mort subite) - Statistiques

Statistiques générales
  • Ce quiz a été pris 44 fois
  • Le résultat moyen est 5 sur 8
Answers on the Grid
Answers color-coded by a green-red scale on the quiz's grid according to % correct below.
R---e - ménage
Gentleman - f---er
Claqu---rer
Th---tiser
Pr---nir
Rem---iquer
D---ltiplier
Remar---blement
Tr---ler
Re---uiller
R---nerer
Math---tiser
Sch---tiser
R---ner
Sys---atiser
D---seller
 
Statistiques - réponses
Réponse % Correct
R---e - ménage
98%
Pr---nir
90%
D---ltiplier
85%
R---nerer
80%
D---seller
50%
Claqu---rer
45%
R---ner
35%
Tr---ler
33%
Aucun quiz correspondant
Distribution des résultats
% des personnes avec chaque résultat
Percentile par nombre de réponses
Votre historique - résultats
Vous n’avez pas pris ce quiz